Fuzzy logic : (Record no. 185516)

MARC details
000 -LEADER
fixed length control field 00790nam a2200229Ia 4500
005 - DATE AND TIME OF LATEST TRANSACTION
control field 20251204145534.0
008 - FIXED-LENGTH DATA ELEMENTS--GENERAL INFORMATION
fixed length control field 210716s2003 xx 000 0 und d
020 ## - INTERNATIONAL STANDARD BOOK NUMBER
International Standard Book Number 8178089068
040 ## - CATALOGING SOURCE
Transcribing agency AIMIT LIBRARY
041 ## - LANGUAGE CODE
Language code of text/sound track or separate title eng
082 ## - DEWEY DECIMAL CLASSIFICATION NUMBER
Classification number 006.321
Edition number 1
Item number YENJ
100 ## - MAIN ENTRY--PERSONAL NAME
Personal name Yen, John.
9 (RLIN) 247619
245 ## - TITLE STATEMENT
Title Fuzzy logic :
Remainder of title intelligence control and information /
Statement of responsibility, etc. By John Yen and Reza Langari.
250 ## - EDITION STATEMENT
Edition statement 1st ed.
260 ## - PUBLICATION, DISTRIBUTION, ETC.
Place of publication, distribution, etc. New Delhi :
Name of publisher, distributor, etc. Pearson Education ,
Date of publication, distribution, etc. 2003.
300 ## - PHYSICAL DESCRIPTION
Extent xxiv,548p. ;
Other physical details PB
Dimensions 25.4 cm
650 ## - SUBJECT ADDED ENTRY--TOPICAL TERM
Topical term or geographic name entry element Basic concepts of fuzzy logic
9 (RLIN) 247620
650 ## - SUBJECT ADDED ENTRY--TOPICAL TERM
Topical term or geographic name entry element Fuzzy relations fuzzy graphs and fuzzy arithmetic
9 (RLIN) 247621
650 ## - SUBJECT ADDED ENTRY--TOPICAL TERM
Topical term or geographic name entry element Advanced topics of fuzzy model identiication
9 (RLIN) 247622
700 ## - ADDED ENTRY--PERSONAL NAME
Personal name Langari, Reza.
9 (RLIN) 247623
942 ## - ADDED ENTRY ELEMENTS (KOHA)
Source of classification or shelving scheme Dewey Decimal Classification
Koha item type Book
Edition 1st
Call number prefix 006.321 YENJ
Holdings
Withdrawn status Lost status Damaged status Not for loan Collection code Home library Current library Cost, normal purchase price Total Checkouts Full call number Barcode Date last seen Cost, replacement price Price effective from Koha item type Source of classification or shelving scheme
        MCA St Aloysius Institute of Management & Information Technology St Aloysius Institute of Management & Information Technology 225.00   006.321 YENJ MCA05023 05/23/2026 225.00 07/16/2021 Book  
        MCA St Aloysius Institute of Management & Information Technology St Aloysius Institute of Management & Information Technology 225.00   006.321 YENJ MCA05024 05/23/2026 225.00 07/16/2021 Book  
      Reference Book MCA St Aloysius Institute of Management & Information Technology St Aloysius Institute of Management & Information Technology 225.00   006.321 YENJ MCA05025 07/21/2025 225.00 07/16/2021 Book Dewey Decimal Classification